Movies Quiz

Random Movies or Blitz Quiz

Blitz: Name a Movie Starring... Quiz Stats

Quiz Updated Nov 6, 2015

Also try: Hollywood Hangman
Challenge
Share
Tweet
Embed
Score 0/20 Timer 03:00
9 Plays Today
Clue Movie % Correct
...Kate Winslet for which she was Oscar-nominatedThe Reader...
84.9%
...Arnold Schwarzenegger that falls into the comedy genreKindergarten Cop...
82.7%
...Morgan Freeman as the narratorMarch of the Penguins...
82.1%
...Kevin Costner as a baseball playerBull Durham...
77.7%
...Tom Hanks and Meg RyanSleepless in Seattle...
75.9%
...Jamie Lee Curtis that falls in the horror genreHalloween...
69.9%
...Jack Nicholson that was made after the year 2000About Schmidt...
65.7%
...Paul Rudd and Jason SegelI Love You, Man...
62%
...Tom Cruise and Nicole KidmanEyes Wide Shut...
61.9%
...James DeanEast of Eden...
61%
Clue Movie % Correct
...James Stewart that was directed by Alfred HitchcockRear Window...
57.4%
...Emma Stone that starts with A or ZZombieland...
54.6%
...Denzel Washington for which he was Oscar-nominatedCry Freedom...
52.7%
...Will Smith that didn't gross 100 million domesticallySeven Pounds...
45%
...Robert Redford that was nominated for Best PictureThe Sting...
40.9%
...at least two core members of the 'Brat Pack'The Outsiders...
40.1%
...Meryl Streep that actually won her an OscarKramer vs. Kramer...
39.9%
...John and Joan CusackHigh Fidelity...
39%
...Timothy Dalton as James BondThe Living Daylights...
28.4%
...John CazaleThe Godfather...
22.1%

You're not logged in!

Compare scores with friends on all Sporcle quizzes.
Join for Free
OR
Log In

You Might Also Like...

Show Comments

Extras

Top Quizzes Today


Score Distribution

Your Account Isn't Verified!

In order to create a playlist on Sporcle, you need to verify the email address you used during registration. Go to your Sporcle Settings to finish the process.

Report this User

Report this user for behavior that violates our Community Guidelines.

Details: